| 000 | 00853nam a2200253 i 4500 | ||
|---|---|---|---|
| 001 | 34668 | ||
| 003 | ES-MaACL | ||
| 005 | 20230906154957.0 | ||
| 007 | t| | ||
| 008 | 030207s1973 fr ||||1| fre d | ||
| 100 | 1 |
_aBoisdeffre, Pierre de. _929859 |
|
| 245 | 1 | 0 |
_aMétamorphose de la littérature / _cPierre de Boisdeffre. |
| 250 | _aEd. rev. et mise áa jour. | ||
| 260 |
_aVerviers : _bMarabout, _c[1973] |
||
| 300 |
_a1 v. ; _c18 cm. |
||
| 490 | 1 |
_aMarabout université ; _v246 |
|
| 505 | 8 | _aContiene: T. I: Barrès, Gide, Mauriac, Bernanos, Montherlant, Malraux | |
| 650 | 4 |
_aLiteratura francesa- _yS.XX- _xHistoria y crítica. _914593 |
|
| 700 | 1 |
_aNúñez, Luis. _986161 |
|
| 700 | 1 |
_aMartín Baro, Luis Alberto. _977410 |
|
| 830 | 0 |
_aMarabout université ; _v246 _9185199 |
|
| 852 |
_aES-MaACL _jP-62 _bR.113233 |
||
| 999 |
_c34668 _d34668 |
||